Score 0/30 Timer 07:00
1 Play Today
Clue Answer % Correct
Whitechapel murderer - Jack the _____Ripper
97.6%
Miss Piggy or Fozzie Bear, e.g.Muppet
91.1%
Elvis Presley was born in this stateMississippi
86%
Yellow-fleshed fruit used in a coladapineapple
83.6%
Greek letter κkappa
80.1%
Body part surrounded by the areolanipple
80%
Fastener with interlocking teethzipper
78.8%
One of the two elements in brass or bronzecopper
74.9%
Barbie's sister or one who commands a boatSkipper
73.9%
Rival in a sporting matchopponent
71.3%
This mammal's name comes from the Greek for 'river horse'hippopotamus
69.8%
Appendage on a whale or dolphinflipper
69.6%
A look-alike; a person with a startling similarity to anotherdoppelgänger
68.4%
Prominent symbolic flower on November 11poppy
66.9%
The Scoville scale measures the pungency of this foodpepper
64%
Clue Answer % Correct
Brand that pioneered direct marketing through home partiesTupperware
63.1%
Syria's largest city, prior to the civil warAleppo
57.3%
One of the Marx BrothersZeppo
56.7%
This NBA team was formerly located in San DiegoClippers
56%
This country's largest islands are Luzon and MindanaoPhilippines
55.8%
1960s 'Summer of Love' participanthippie
50.7%
September's birthstonesapphire
47%
ALL CAPS formatuppercase
44.8%
Clothing; garmentsapparel
41.7%
Struggle hand-to-handgrapple
41.4%
Ghostlike imageapparition
39.1%
Espresso drink named for the color of friars' cloakscappuccino
36.8%
British breakfast dish consisting of smoked or pickled herringkippers
35.7%
This breed has the fastest acceleration of all dogswhippet
33%
Treeless temperate grasslandsteppe
25.2%
Remove Ads.
Support Sporcle.
Get the best of Sporcle when you Go Orange. This ad-free experience offers more features, more stats, and more fun while also helping to support Sporcle. Thank you for becoming a member.

You're not logged in!

Compare scores with friends on all Sporcle quizzes.
OR
Log In

Show Comments

Extras

Top Quizzes Today


Score Distribution

Your Account Isn't Verified!

In order to create a playlist on Sporcle, you need to verify the email address you used during registration. Go to your Sporcle Settings to finish the process.

Report this User

Report this user for behavior that violates our Community Guidelines.

Details: